La Entrevista de Guayaquil {El Libertador y San Martín}
Uloženo v:
| Hlavní autoři: | , , , |
|---|---|
| Médium: | Kniha |
| Jazyk: | španělština |
| Vydáno: |
Madrid
América
1915
|
| Vydání: | 1a. ed |
| Edice: | Biblioteca de la Juventud hispano-americana
|
| Témata: | |
| Tagy: |
Přidat tag
Žádné tagy, Buďte první, kdo vytvoří štítek k tomuto záznamu!
|
MARC
| LEADER | 00000nam a2200000 a 4500 | ||
|---|---|---|---|
| 001 | UCJ6564 | ||
| 003 | CL-VaPUC | ||
| 008 | 070124e19150000SP |||||||||||||||||spa|d | ||
| 082 | 0 | 4 | |a 980 |b MIT |2 21 |
| 100 | |a Mitre, Bartolomé |e autor |9 315189 | ||
| 700 | 0 | |a Cruz, Ernesto de la |e author |9 438504 | |
| 700 | 0 | |a Goenaga, José Manuel |e author |9 513426 | |
| 700 | 0 | |a Villanueva, Carlos A. |e author |9 508400 | |
| 245 | 1 | 3 | |a La Entrevista de Guayaquil {El Libertador y San Martín} |
| 250 | |a 1a. ed | ||
| 300 | |a 283 p | ||
| 942 | |c BK | ||
| 945 | |d 20070124 00:00:00 |a rinostro | ||
| 260 | |a Madrid |b América |c 1915 | ||
| 600 | 0 | |a Bolívar, Simón |d 1783-1830 |9 265422 | |
| 600 | 0 | 7 | |a SAN MARTIN, JOSE DE |2 CL-VaPUC |9 513427 |
| 650 | 7 | |a REVOLUCION DE LA INDEPENDENCIA |2 CL-VaPUC |9 316035 | |
| 650 | 0 | |a Guerra de la independencia |9 331979 | |
| 650 | 7 | |a DOCUMENTOS |2 CL-VaPUC |9 366450 | |
| 650 | 0 | |a Correspondencia |9 258963 | |
| 651 | 0 | |a América Latina |9 255027 | |
| 583 | |a last modification |c 20070124 00:00:00 |k Rodrigo Vera | ||
| 490 | 0 | |a Biblioteca de la Juventud hispano-americana | |
| 999 | |c 322666 |d 322664 | ||
| 952 | |0 0 |1 0 |4 0 |6 980_000000000000000_MIT_1915 |7 0 |8 X |9 401715 |a FDOBUD |b FDOBUD |d 2019-11-22 |i 1049704 |o 980 MIT 1915 |p 1049704 |r 2019-11-22 |w 2019-11-22 |y BK_X |k BUD | ||